| 000 | 004820000a22001930004500 | ||
|---|---|---|---|
| 001 | 004881 | ||
| 003 | MACL | ||
| 005 | 20151016122135.0 | ||
| 008 | 151016b xxu||||| |||| 00| 0 eng d | ||
| 040 |
_aMACL _cMACL |
||
| 041 | _aEnglish | ||
| 082 | _a920/SRI | ||
| 100 |
_aSrikant, _915240 |
||
| 245 |
_aAn Account Of Bi-Amman's _bBihar Visit, 1922 _cSrikant |
||
| 260 |
_aPatna _c1996 _bKhuda Baksh Publicity, |
||
| 350 | _a75 | ||
| 650 |
_aBiography _915241 |
||
| 942 |
_k920 _cBK _2ddc |
||
| 999 |
_c16764 _d16764 |
||